| 000 | 01119cam a2200253 4500 | ||
|---|---|---|---|
| 001 | ABS67156 | ||
| 008 | 031022n2003 000 0 eng u | ||
| 035 | _a(Sirsi) u123970 | ||
| 100 | _aBardos, P. | ||
| 245 | _aHow do you treat contaminated sites? | ||
| 260 | _c2003 | ||
| 490 |
_aWastes Management _vSeptember 2003,20-23(4) |
||
| 520 | _aThe first in a three part series on environmental management discuses the importance of risk management in redeveloping contaminated land and examines the criteria and their role in remedial approaches for contaminated land. Discusses the drivers and boundaries for remediation, risk management and reduction using the Site Conceptual Model and the suitability of the technique to be used. Other factors examined are stakeholders in the site and sustainable development. | ||
| 590 | _aABS | ||
| 650 | _aCONTAMINATED LAND | ||
| 650 | _aREDEVELOPMENT | ||
| 650 | _aSUSTAINABLE DEVELOPMENT | ||
| 650 | _aSITE CONCEPTUAL MODEL | ||
| 650 | _aSTAKEHOLDERS | ||
| 690 | _aENVIRONMENT-CONTAMINATION | ||
| 700 | _aNathanail, P. | ||
| 700 | _aNathanail, J. | ||
| 942 | _n0 | ||
| 999 |
_c73623 _d73623 |
||